| 000 | 02047nam a2200409 c 4500 | ||
|---|---|---|---|
| 999 |
_c61685 _d61685 |
||
| 003 | BLK | ||
| 005 | 20200311094154.0 | ||
| 008 | 180408b bul|||||r ||||||| ||bul|| | ||
| 010 | _aKNG00065891000 | ||
| 040 | _aBLK | ||
| 041 |
_aBUL _cBUL |
||
| 080 |
_aМетоди на управление. Мениджмънт. Анализи, планиране, ръководство, сътрудничество, контрол, коопериране и др. _b005.5 _x(035) _z005.5(035) |
||
| 080 |
_aФорми на предприятията в зависимост от отношението към собствеността... _b334.72 _x(035) _z334.72(035) |
||
| 100 | 1 |
_aСилаги, Ендрю _eпърви автор _9120155 |
|
| 139 |
_aСилаги, Ендрю _bС 36 |
||
| 245 | 1 | 0 |
_aМениджмънт - наука, изкуство, практика _bЧ. 1 - _cЕндрю Силаги. _nЧ. 4 _pЕфективността |
| 250 | _a2. изд. | ||
| 257 | _aUSA | ||
| 260 |
_bУнив. изд. ИУ _c1992 - |
||
| 300 | _c17 см | ||
| 380 | _a0 | ||
| 490 | 1 | _aБиблиотека на бизнесмена | |
| 500 | _aОриг. загл. Menegement and Performance. - Изд. на ИУ - Варна. Висша шкжла по мениджмънт. Информ.-изд. бюро. - 1. изд. 1991-1992 на изд. Компас-принт. | ||
| 650 | 4 |
_aУправленски труд _9244358 |
|
| 650 | 4 |
_aСтопанско ръководство _9252182 |
|
| 650 | 4 |
_aРъководител _9170062 |
|
| 650 | 4 |
_aФирми - организация и управление _9244909 |
|
| 653 | _aуправленски труд | ||
| 653 | _aстопанско сътрудничество | ||
| 653 | _aфирми | ||
| 760 | 1 |
_aСилаги, Ендрю _b2. изд. _d1992 _h74 с. : със сх. _nОриг. загл. The Effectiveness. _tЧ. 4 Ефективността |
|
| 852 | _aЦб І 25822 | ||
| 856 | 4 | _qpdf | |
| 856 | 4 | _qpdf | |
| 942 |
_cKNG _n0 _s1 |
||
| 944 |
_aCR _c13.06.2004 _kМилена_Ачева |
||
| 944 |
_aED _c30.11.2012 |
||
| 999 | _d61685 | ||